Cómo crear empowerment
Guardat en:
| Autor principal: | |
|---|---|
| Format: | Llibre |
| Idioma: | espanyol |
| Publicat: |
Bogotá
McGraw Hill Interamericana
1998
|
| Matèries: | |
| Etiquetes: |
Afegir etiqueta
Sense etiquetes, Sigues el primer a etiquetar aquest registre!
|
MARC
| LEADER | 00000nam a2200000 a 4500 | ||
|---|---|---|---|
| 001 | UCQ2564 | ||
| 003 | CL-VaPUC | ||
| 008 | 980724e19980000CK |||||||||||||||||spa|d | ||
| 082 | 0 | 4 | |a 658.406 |b ROB |2 21 |
| 100 | 0 | |a Robinson, Russell D |e author |9 416506 | |
| 245 | 1 | 0 | |a Cómo crear empowerment |
| 300 | |a 112 h | ||
| 942 | |c BK | ||
| 945 | |d 19980724 00:00:00 |a aarredon | ||
| 260 | |a Bogotá |b McGraw Hill Interamericana |c 1998 | ||
| 650 | 0 | |a Cambio organizacional |9 260741 | |
| 650 | 0 | |a Organización |9 256369 | |
| 650 | 7 | |a PLANIFICACION |2 CL-VaPUC |9 260802 | |
| 650 | 7 | |a EQUIPOS DE TRABAJO |2 CL-VaPUC |9 384715 | |
| 650 | 0 | |a Planeación |9 381338 | |
| 650 | 7 | |a ESTRATEGIAS |2 CL-VaPUC |9 342878 | |
| 650 | 7 | |a TRANSICION |2 CL-VaPUC |9 371678 | |
| 583 | |a last modification |c 19980724 00:00:00 |k Rodrigo Vera | ||
| 999 | |c 273369 |d 273367 | ||
| 952 | |0 0 |1 0 |4 0 |6 658_406000000000000_ROB_1998 |7 0 |8 A |9 308869 |a BIBENE |b BIBENE |d 2019-11-20 |i 3444694 |o 658.406 ROB 1998 |p 3444694 |r 2025-01-15 |w 2019-11-20 |y BK |k ICO | ||